<?xml version="1.0" encoding="UTF-8"?>
<record
    xmlns:xsi="http://www.w3.org/2001/XMLSchema-instance"
    xsi:schemaLocation="http://www.loc.gov/MARC21/slim http://www.loc.gov/standards/marcxml/schema/MARC21slim.xsd"
    xmlns="http://www.loc.gov/MARC21/slim">

  <leader>01370nam a22002297a 4500</leader>
  <controlfield tag="005">20230324151408.0</controlfield>
  <controlfield tag="008">230220b           ||||| |||| 00| 0 eng d</controlfield>
  <datafield tag="020" ind1=" " ind2=" ">
    <subfield code="a">9781138744875</subfield>
  </datafield>
  <datafield tag="040" ind1=" " ind2=" ">
    <subfield code="c">AL</subfield>
  </datafield>
  <datafield tag="041" ind1=" " ind2=" ">
    <subfield code="a">eng</subfield>
  </datafield>
  <datafield tag="082" ind1=" " ind2=" ">
    <subfield code="2">23</subfield>
    <subfield code="a">158.7</subfield>
    <subfield code="b">SCHP</subfield>
  </datafield>
  <datafield tag="100" ind1=" " ind2=" ">
    <subfield code="a">Duane P Schultz</subfield>
    <subfield code="9">72657</subfield>
  </datafield>
  <datafield tag="245" ind1=" " ind2=" ">
    <subfield code="a">Psychology and work today</subfield>
    <subfield code="b">: An Introduction to industrial and organizational Psychology</subfield>
  </datafield>
  <datafield tag="250" ind1=" " ind2=" ">
    <subfield code="a">10th, ed.</subfield>
  </datafield>
  <datafield tag="260" ind1=" " ind2=" ">
    <subfield code="a">London</subfield>
    <subfield code="b">Routledge</subfield>
    <subfield code="c">2022</subfield>
  </datafield>
  <datafield tag="300" ind1=" " ind2=" ">
    <subfield code="a">xxv,426p.</subfield>
    <subfield code="b">PB</subfield>
    <subfield code="c">25.5x20cm.</subfield>
  </datafield>
  <datafield tag="365" ind1=" " ind2=" ">
    <subfield code="2">General</subfield>
    <subfield code="a">ABDI/0657/23</subfield>
    <subfield code="b">&#x20B9;746.00</subfield>
    <subfield code="c">&#x20B9;</subfield>
    <subfield code="d">&#x20B9;995.00</subfield>
    <subfield code="e">25%</subfield>
    <subfield code="f">13-02-2023</subfield>
  </datafield>
  <datafield tag="520" ind1=" " ind2=" ">
    <subfield code="a">an invaluable foundation for anyone entering today&#x2019;s global business and industrial world.  This informative, sophisticated, and entertaining text teaches students about the nature of work in modern society by focusing on the practical and applied rather than the scientific ideal. Human resource development (employee selection, psychological testing, performance appraisal, and training); leadership, motivation, job satisfaction, and job involvement; working conditions, safety, violence, and health in the workplace. An excellent handbook for all human resource employees, as well as managers, executives, and others responsible for hiring personnel.</subfield>
  </datafield>
  <datafield tag="650" ind1=" " ind2=" ">
    <subfield code="2">Psychology</subfield>
    <subfield code="a">Applied Psychology</subfield>
    <subfield code="9">72658</subfield>
  </datafield>
  <datafield tag="700" ind1=" " ind2=" ">
    <subfield code="a">Schultz, Sydney Ellen</subfield>
    <subfield code="9">72659</subfield>
  </datafield>
  <datafield tag="942" ind1=" " ind2=" ">
    <subfield code="2">ddc</subfield>
    <subfield code="c">BK</subfield>
  </datafield>
  <datafield tag="999" ind1=" " ind2=" ">
    <subfield code="c">226754</subfield>
    <subfield code="d">226754</subfield>
  </datafield>
  <datafield tag="952" ind1=" " ind2=" ">
    <subfield code="0">0</subfield>
    <subfield code="1">0</subfield>
    <subfield code="2">ddc</subfield>
    <subfield code="4">0</subfield>
    <subfield code="7">0</subfield>
    <subfield code="8">MAENG</subfield>
    <subfield code="a">SACPG</subfield>
    <subfield code="b">SACPG</subfield>
    <subfield code="d">2023-02-15</subfield>
    <subfield code="e">Academic Book Distributors</subfield>
    <subfield code="g">746.00</subfield>
    <subfield code="l">4</subfield>
    <subfield code="o">158.7 SCHP</subfield>
    <subfield code="p">PG024224</subfield>
    <subfield code="r">2025-04-02 03:52:40</subfield>
    <subfield code="s">2024-11-09</subfield>
    <subfield code="v">995.00</subfield>
    <subfield code="w">2023-02-20</subfield>
    <subfield code="y">BK</subfield>
  </datafield>
</record>
